000 00508nam a2200181 i 4500
001 114729
003 ES-MaACL
005 20250328063129.0
007 t|
008 070322s1961 sp ||||1| spa d
080 _a821.134.2-31"19"
100 1 _aAdro Xavier,
_d1910-1998
_918481
245 1 3 _aLa otra Navidad
_b: novela /
_cAdro Xavier.
260 _aBarcelona :
_bJuan Flors,
_c1961.
300 _a302 p. ;
_c19 cm.
852 _aES-MaACL
_jC-21687
_bR.50345
999 _c114729
_d114729